01361nam a2200337 i 450000100060000000300090000600500170001500800390003201500170007104000410008804600090012908000130013824502210015126000560037230000480042833600270047633700540050333800280055738000160058538800140060138800140061550400340062965000140066365800300067770000460070770000480075370000420080170000400084371000420088385600980092510946KOSZ 00520220901083208.0990506s1967 pl a g 001 0 pol aPB 1968/2588 aWA NcWA NdKOSZ 005/RWdKOSZ 005/HR k1967 a913(100)00aGeografia powszechna.nT. 5,pArktyka, Ameryka, Australia i Oceania, Antarktyda, Ocean Światowy /cprzewodniczący kom. red. August Zierhoffer ; red. Alfred Jahn ; red. kartogr. Franciszek Uhorczak, Lech Ratajski. aWarszawa :bPaństwowe Wydawnictwo Naukowe,c1967. a476, [4] s., [14] k. tabl. :bil. ;c30 cm. 2rdacontentaTekstbtxt 2rdamediaaBez urządzenia pośredniczącegobn 2rdacarrieraWoluminbnc aKsiążki a1901-2000 a1945-1989 aBibliogr. przy rozdz. Indeks. 7aGeografia aGeografia i nauki o Ziemi1 aZierhoffer, Augustd(1893-1969)eRedakcja1 aUhorczak, Franciszekd(1902-1981)eRedakcja1 aRatajski, Lechd(1921-1977)eRedakcja1 aJahn, Alfredd(1915-1999)eRedakcja2 aPaństwowe Wydawnictwo Naukowe4pbl. uhttp://koha.tu.koszalin.pl/cgi-bin/koha/opac-detail.pl?biblionumber=10946yKatalog online BPK